Estado y cooperativas de reforma agraria en Honduras

Presenta la legislación agraria en Honduras, el impacto sobre el sistema de tenencia de la tierra y la formación de cooperativas estudia la acción estatal referente al problema agrario, partiendo de la promulgación de la primera ley de reforma agraria en 1962, bajo el gobierno de Ramón Villeda Moral...

Descripció completa

Guardat en:
Dades bibliogràfiques
Autor principal: Salgado Peña, Ramón Ulises
Format: Text
Publicat: Heredia: CEDAL
Matèries:
Etiquetes: Afegir etiqueta
Sense etiquetes, Sigues el primer a etiquetar aquest registre!

MARC

LEADER 00000 a a2200000 04500
001 19719
003
040
090 |a 079100  
100 |a Salgado Peña, Ramón Ulises  
245 |a Estado y cooperativas de reforma agraria en Honduras  
260 |a Heredia:   |b CEDAL  
300 |a 25 p.  
520 |a Presenta la legislación agraria en Honduras, el impacto sobre el sistema de tenencia de la tierra y la formación de cooperativas estudia la acción estatal referente al problema agrario, partiendo de la promulgación de la primera ley de reforma agraria en 1962, bajo el gobierno de Ramón Villeda Morales (1957-1963)./ALLV  
650 |a REFORMA AGRARIA  
650 |a MOVIMIENTOS CAMPESINOS  
650 |a SISTEMAS DE TENENCIA DE LA TIERRA  
650 |a COOPERATIVAS AGRICOLAS  
999 |c 13393  |d 13393